The Art Bulletin
Descripción Física:
76 pàgines : il·lustracions en blanc i negre ; 31 x 23 cm
Materias:
Fons Joan Junyer i Pascual (1909-1994)
Idioma:
Catalán , English
MARC
| LEADER | 00000nas a2200000 a 4500 | ||
|---|---|---|---|
| 001 | 29210 | ||
| 003 | AGDB | ||
| 005 | 20260324181543.0 | ||
| 008 | 260108b spa||||| |||| 00| 0 cat d | ||
| 022 | |2 LC |a 0004-3079 | ||
| 040 | |a agdb |b cat | ||
| 041 | |a eng | ||
| 245 | |a The Art Bulletin | ||
| 260 | |a New York : |b College Art Association of America, |c 1924 | ||
| 300 | |a 76 pàgines : |b il·lustracions en blanc i negre ; |c 31 x 23 cm | ||
| 500 | |a Prové del fons Joan Junyer i Pascual (1909-1994) | ||
| 650 | 0 | |a Fons Joan Junyer i Pascual (1909-1994) |9 72777 | |
| 866 | |a 1924 (núm. 2) | ||
| 942 | |2 udc |c ARXIU |n 1 | ||
| 952 | |0 0 |1 0 |2 udc |4 0 |6 F504302 |7 1 |9 98897 |a Arxiu |b Arxiu |d 2026-01-08 |h Núm. 2 (1924) |l 0 |o F-504-302 |p 29210 |r 2026-01-08 13:55:46 |w 2026-01-08 |y ARXIU | ||
| 999 | |c 130565 |d 130565 | ||